|
|
|
|
| LEADER |
00000nam0a2200000 4500 |
| 001 |
43913 |
| 005 |
20260422085555.0 |
| 010 |
|
|
|a 5318001890
|
| 035 |
|
|
|a (RuTPU)RU\TPU\book\45517
|
| 090 |
|
|
|a 43913
|
| 100 |
|
|
|a 20021031d2002 k y0rusy50 ca
|
| 101 |
1 |
|
|a rus
|c eng
|
| 102 |
|
|
|a RU
|
| 105 |
|
|
|a a z 001zy
|
| 200 |
1 |
|
|a Языки программирования: разработка и реализация
|e пер. с англ.
|f Т. Пратт, М. Зелковиц
|
| 205 |
|
|
|a 4-е изд.
|
| 210 |
|
|
|a СПб.
|c Питер
|d 2002
|
| 215 |
|
|
|a 688 с.
|c ил.
|
| 225 |
1 |
|
|a Классика Computer Science
|
| 320 |
|
|
|a Библиогр.: с. 669-674.
|
| 320 |
|
|
|a Алф. указ.: с. 675-688.
|
| 333 |
|
|
|a Исключено из фонда НТБ ТПУ
|
| 610 |
1 |
|
|a информатика
|
| 610 |
1 |
|
|a языки программирования
|
| 610 |
1 |
|
|a разработка
|
| 610 |
1 |
|
|a трансляция
|
| 610 |
1 |
|
|a свойства
|
| 610 |
1 |
|
|a моделирование
|
| 610 |
1 |
|
|a архитектура
|
| 610 |
1 |
|
|a инкапсуляция
|
| 610 |
1 |
|
|a данные
|
| 610 |
1 |
|
|a распределенная обработка
|
| 610 |
1 |
|
|a сети
|
| 610 |
1 |
|
|a программирование
|
| 675 |
|
|
|a 681.3.06:800.92
|v 3
|
| 700 |
|
1 |
|a Пратт
|b Т.
|g Теренс
|
| 701 |
|
1 |
|a Зелковиц
|b М.
|g Марвин
|
| 801 |
|
1 |
|a RU
|b 63413507
|c 20021031
|g PSBO
|
| 801 |
|
2 |
|a RU
|b 63413507
|c 20210720
|g PSBO
|
| 942 |
|
|
|c BK
|